| 000 | 01031cam a22003137a 4500 | ||
|---|---|---|---|
| 003 | CHAP | ||
| 005 | 20220329140029.0 | ||
| 008 | 971013s1981 r 00010 d | ||
| 010 | _a45912 | ||
| 011 | _a46884 | ||
| 035 | _a51025 | ||
| 040 | _cCHAP | ||
| 090 | _aTesis | ||
| 100 | 0 | 0 |
_aRetana Reyes, Angel. _996190 |
| 245 | 1 | 3 | _aLa prueba del fim en el control de vacunas contra la infección de la bolsa de Fabricio (IBF) |
| 260 |
_aMéxico, D. F. : _bEl autor, _c1981 |
||
| 300 | _a29 h. | ||
| 502 | _aTesis (Médico Veterinario Zootecnista) -- UNAM. Facultad de Medicina Veterinaria y Zootecnia | ||
| 590 |
_aALEPH _b10 _c20130110 _lUCH01 _h1315 |
||
| 590 |
_aBATCH-UPD _b10 _c20130110 _lUCH01 _h0029 |
||
| 590 |
_aBATCH-UPD _b10 _c20130110 _lUCH01 _h1404 |
||
| 590 |
_aCONVERSION _b10 _c20130109 _lUCH01 _h1325 |
||
| 650 | 1 | 4 |
_aAves de corral _xEnfermedades. _98646 |
| 650 | 1 | 4 |
_aBolsa de fabricio. _913595 |
| 650 | 1 | 4 |
_aVacunas. _9117179 |
| 901 | _aBK | ||
| 942 | _cTESIS | ||
| 949 |
_bBC _cTES _d-114411 _eTS1 _h18515 _i51025 _si |
||
| 999 |
_c45912 _d45912 |
||